| 000 | 00645nam a2200169 i 4500 | ||
|---|---|---|---|
| 001 | 151783 | ||
| 003 | ES-MaACL | ||
| 005 | 20230906204359.0 | ||
| 008 | 931025s1888 sp a |||| | spa d | ||
| 100 | 1 |
_aBejarano y Sánchez, Eloy. _927098 |
|
| 245 | 1 | 0 |
_aAguas azoadas / _cEloy Bejarano. |
| 260 |
_aMadrid : _b[s.n.], _c1888 ( _fEst. tip. Sucesores de Rivadeneyra) |
||
| 300 |
_a80 p. : _bil. ; _c27 cm. |
||
| 650 | 0 | 4 |
_aHidroterapia. _913343 |
| 650 | 4 |
_aNitrógeno- _xUso terapéutico. _9152409 |
|
| 852 |
_aES-MaACL _jT-524-F-14 _z-- Enc. hol. conservando la cub. original _z-- Enc. en un vol. facticio _x-- Edic.: Tiene numerosas ilustraciones |
||
| 999 |
_c151783 _d151783 |
||